Seniori nechcú zaostávať v počítačovej gramotnosti

Bibliographic Details
Format: Article
Language:Slovak
PhysicalDescription:Fotogr.
ISSN:1338-0346
Subjects:

MARC

LEADER 00000nab a2200000 a 4500
001 vtls010660314
003 SK-MaSNL
005 20260426100538.0
008 150311c2014 xo wr n 0 0slo
038 |a SLLK 
040 |a SLLK  |b slo  |c sllk  |e AACR2 
041 |a slo 
044 |a xo  |c SK 
080 |a 374.7-053.9  |x (437.6)  |2 2001 
080 |a 37.03:004  |x (437.6)  |2 2001 
245 0 0 |a Seniori nechcú zaostávať v počítačovej gramotnosti  |c Text a foto (eh) 
300 |b Fotogr. 
648 7 |a 2014  |2 snkbucl  |9 334827 
650 0 7 |a seniori  |2 sllk  |9 117453 
650 0 7 |a vzdelávanie  |2 sllk  |9 4033 
650 0 7 |a počítačová gramotnosť  |2 sllk  |9 71744 
651 7 |a Stará Ľubovňa (Slovensko)  |2 sllk  |9 19193 
773 0 |t Ľubovnianske noviny  |g Roč. XXXIX, č. 33 (2014), s. 1  |x 1338-0346 
999 |c 3199550  |d 3201480